[Event "Ch Spain (team)"]
[Site "Sanxenxo (Spain)"]
[Date "2004.11.22"]
[Round "5"]
[White "Graf Alexander (GER)"]
[Black "Krasenkow Michal (POL)"]
[Result "0-1"]
[WhiteElo "2646"]
[BlackElo "2676"]

{ } 1.d4 { 1 } 1...Nf6 2.c4 g6 3.g3 c6 4.Nf3 d5 5.cxd5 cxd5 6.Bg2 Bg7 7.O-O
O-O 8.Nc3 Ne4 9.Nd2 Nxc3 ( 9...Bxd4 10.Nxd5 Nxd2 11.Bxd2 Bxb2 12.Rb1 Bg7
13.Bb4 Nc6 14.Nxe7+ Nxe7 15.Qxd8 Rxd8 16.Bxe7 Rd2 17.Rfd1 Rxd1+ 18.Rxd1 Be6
19.Bxb7 Re8 20.Bc5 Bxa2 21.Bxa7 Re7 22.Rd8+ Bf8 23.Be3 Kg7 24.Ba6 Re6 25.Bd3
Be7 26.Rd7 Bb3 27.h4 Ba2 28.h5 f6 29.Bc5 { ...1-0, Markov Jurij 2450 - Vitinik
Mikhail 2277 , Vladivostok 1995 It (open) } ) 10.bxc3 Nc6 11.Qb3 e6 { = }
12.Ba3 ( 12.e4 Na5 13.Qb4 b6 14.exd5 exd5 15.Qb5 Bb7 16.Ba3 Re8 17.Rfe1 Bc6
18.Qd3 Qd7 19.Bb4 Nb7 20.Nf3 f6 21.h4 Nd6 22.Bxd6 Qxd6 23.h5 g5 24.Bh3 Re4
25.Bf5 Rae8 26.Bxe4 dxe4 27.Qc4+ Kh8 28.h6 Bxh6 29.d5 Bxd5 30.Qd4 Qc6 31.Rad1
Bf7 { ...1-0, Velickovic Zoran 2421 - Kammer Thomas 1970 , Nuernberg 1990 It
(open) } ) 12...Re8 13.e3 Na5 { } 14.Qb1 { N } ( 14.Qb2 b6 ( 14...Bd7 15.Bb4
Nc6 16.c4 Nxb4 17.Qxb4 Bc6 18.Rab1 Bf8 19.c5 b6 20.Nb3 Rb8 21.Qc3 Bb5 22.Rfc1
Rc8 23.Qd2 Bc4 24.cxb6 axb6 25.Bf1 Ba3 26.Rc2 Bxf1 27.Kxf1 Qd7 28.Nc1 Qa4
29.Nb3 Rc4 30.Rxc4 dxc4 31.Na1 b5 32.Nc2 Bf8 33.Nb4 Rc8 { ...0-1,
Castrogiovanni Carlo 2113 - Sibilio Mario 2336 , Castellaneta 1999 It (open) }
) 15.Rfe1 ( 15.Rfc1 Ba6 16.Bb4 Nc4 17.Nxc4 Bxc4 18.a4 Rc8 19.a5 b5 20.a6 Bf8
21.Bf1 Rb8 22.Rcb1 Qc7 23.Ba5 Qc6 24.Bxc4 dxc4 25.f4 Qe4 26.Qd2 Rec8 27.Bb4
Bxb4 28.Rxb4 Rc6 29.Kf2 h5 30.Rb2 b4 31.Rxb4 Rxb4 32.cxb4 c3 33.Qe2 h4 {
...1/2-1/2, Tawakol Kai 2151 - Achenbach Volker 2165 , NRW 1998 VL1 1997/98 }
) 15...Ba6 16.e4 dxe4 17.Nxe4 Rc8 18.Rad1 Qd7 19.Qc1 Nc4 20.d5 exd5 21.Rxd5
Qa4 22.Bb4 Bb7 23.Qd1 Qxa2 24.Rd7 Ba8 25.Rxf7 Bxe4 26.Rxe4 Rxe4 27.Rxg7+ Kxg7
28.Qd7+ Kh6 29.Qh3+ Kg7 30.Qd7+ Kh6 31.Bxe4 Qd2 { 1/2-1/2, Timoscenko Gennadij
2501 - Figler Ilye 2304 , Moscow 1966 Ch URS (team) } ) ( 14.Qc2 b6 15.Qd3 Bb7
16.Bb4 Nc6 17.Rfc1 Rc8 18.Qb5 Rc7 19.Ba3 Na5 20.Bf1 Qd7 21.Qxd7 Rxd7 22.c4 Bf8
23.Bxf8 Rxf8 24.cxd5 Rxd5 25.Nb3 Nc6 26.Bg2 Rd6 27.Rc3 Ba8 28.Rac1 Nb4 29.Bxa8
Rxa8 30.Rc8+ Rxc8 31.Rxc8+ Kg7 32.Nd2 Rc6 { 1/2-1/2, Mallow Peter 1960 -
Winter Dirk 1810 , Worms 1995 It (open) } ) 14...b6 15.Re1 Ba6 16.e4 dxe4
17.Nxe4 Nc4 18.Bc1 Rc8 19.h4 h6 20.Bf4 { ?! } ( 20.Qc2 { !? } 20...f5 21.Nd2
Nxd2 22.Qxd2 { } ) 20...f5 { ?! } ( 20...e5 { !? } 21.dxe5 Nxe5 22.Rd1 Nd3 { }
) 21.Nd2 Nxd2 22.Bxd2 e5 23.Qb2 e4 24.Qa3 Bc4 25.Qxa7 { ?? } ( { ? } 25.Bf4
Qd7 26.Bf1 Kh7 27.Bxc4 { } ) 25...Ra8 26.Qb7 Bd5 { } {#R} 0-1

[Event "Tournament"]
[Site "Naberezhnye Chelny (Russia)"]
[Round "1"]
[White "Maksimov Sergei Alexandrovich (RUS)"]
[Black "Aleksandrov Vladimir A (RUS)"]
[Result "1-0"]
[WhiteElo "2311"]
[BlackElo "2300"]

1.Nf3 Nf6 2.d4 g6 3.c4 Bg7 4.g3 c6 5.Bg2 d5 6.cxd5 cxd5 7.O-O O-O 8.Ne5 e6
9.Nc3 Nfd7 10.f4 Nc6 11.e3 Ndxe5 12.fxe5 f6 13.exf6 Rxf6 14.Bd2 Rxf1+ 15.Qxf1
Bd7 16.Ne2 Qb6 17.Bc3 Ne7 18.Nf4 Nf5 19.Qe1 Kh8 20.g4 Nd6 21.Qh4 Nc4 22.Nxg6+
Kg8 23.Ne7+ Kh8 24.Bf1 Nxe3 25.Bd3 h6 26.Re1 e5 27.Rxe3 exd4 28.Nxd5 Qd6 29.g5
dxc3 30.Qe4 Kg8 31.Qh7+ Kf8 32.Rf3+ Ke8 33.Qg8+ Bf8 34.Bg6+ {#r} 1-0

[Event "Ch Malaga"]
[Site "Malaga (Spain)"]
[Date "2005.01.29"]
[Round "3"]
[White "Reina Bernal Salvador (ESP)"]
[Black "Illescas Lopez Antonio (ESP)"]
[Result "1-0"]
[WhiteElo "1953"]
[BlackElo "1772"]

1.Nf3 Nf6 2.c4 g6 3.g3 Bg7 4.Bg2 O-O 5.O-O c6 6.Nc3 d5 7.cxd5 cxd5 8.d4 Nc6
9.b3 a6 10.Ba3 Re8 11.Rc1 Bd7 12.Na4 b6 13.Nb2 Rc8 14.Nd3 Ne4 15.e3 Bg4 16.h3
Bd7 17.Nd2 e5 18.dxe5 Nxe5 19.Nxe5 Bxe5 20.Nf3 Rxc1 21.Qxc1 Bb5 22.Nxe5 Bxf1
23.Nc6 Qf6 24.Bxe4 Bxh3 25.Bxd5 Rc8 26.Ne7+ {#r} 1-0

[Event "Bayern Regionalliga Southeast 2004/05"]
[Site "Bayern (Germany)"]
[Date "2005.01.30"]
[Round "6"]
[White "Haas Josef"]
[Black "Gesing Oliver (GER)"]
[Result "0-1"]
[WhiteElo "2023"]
[BlackElo "2189"]

1.c4 c6 2.g3 d5 3.Bg2 Nf6 4.Nf3 g6 5.cxd5 cxd5 6.d4 Bg7 7.O-O O-O 8.Nc3 Nc6
9.Bg5 Ne4 10.Be3 Nxc3 11.bxc3 Na5 12.Nd2 Bf5 13.Qa4 Rc8 14.Rfc1 a6 15.c4 dxc4
16.Nxc4 Rxc4 17.Rxc4 b5 {#R} 0-1

[Event "It"]
[Site "Madrid (Spain)"]
[Date "2005.02.23"]
[Round "4"]
[White "Benito Mellado Humberto (ESP)"]
[Black "Gracia Campo Carlos A (ESP)"]
[Result "0-1"]
[WhiteElo "1700"]
[BlackElo "2096"]

1.c4 Nf6 2.Nc3 g6 3.g3 Bg7 4.Bg2 O-O 5.Nf3 c6 6.O-O d5 7.cxd5 cxd5 8.d4 Nc6
9.Bf4 Nh5 10.Bg5 f6 11.Bc1 f5 12.Qb3 e6 13.Bg5 Nxd4 14.Bxd8 Nxb3 15.Be7 Re8
16.Bd6 Nxa1 17.Rxa1 Bd7 18.a4 a6 19.Ne5 Bc6 20.b4 d4 21.Nxc6 dxc3 22.Ne7+ Kf7
23.Bxb7 Ra7 24.Bc6 Rexe7 25.Bxe7 Rxe7 26.b5 axb5 27.Bxb5 Nf6 28.Ra2 Nd5 29.Rc2
Nb4 30.Rc1 c2 31.Bd3 Bb2 {#R} 0-1

[Event "Ch Hessen (b)"]
[Site "Offenbach (Germany)"]
[Date "2005.03.30"]
[Round "4"]
[White "Huss Rolf (GER)"]
[Black "Karsten Heinrich (GER)"]
[Result "1-0"]
[WhiteElo "2122"]
[BlackElo "2098"]

1.d4 Nf6 2.c4 g6 3.Nf3 Bg7 4.g3 d5 5.Bg2 O-O 6.O-O c6 7.cxd5 cxd5 8.Ne5 e6
9.Nc3 Nbd7 10.Bg5 Qb6 11.Qd2 Nxe5 12.dxe5 Ng4 13.e4 dxe4 14.Nxe4 Nxe5 15.Nf6+
Kh8 16.Rad1 Nc6 17.Qf4 e5 18.Qh4 h5 19.Nxh5 gxh5 20.Qxh5+ Kg8 21.Be4 Re8
22.Qh7+ Kf8 23.Bh6 Bxh6 24.Qxh6+ Ke7 25.Qd6# 1-0

[Event "Landesliga 2004/05"]
[Site "Mecklenburg-Vorpommern (Germany)"]
[Date "2005.04.10"]
[Round "8"]
[White "Birnbaum Wolf-Dieter (GER)"]
[Black "Schwetlick Thomas (GER)"]
[Result "0-1"]
[WhiteElo "2029"]
[BlackElo "2055"]

1.Nf3 Nf6 2.g3 g6 3.Bg2 Bg7 4.O-O O-O 5.d4 d5 6.c4 c6 7.cxd5 cxd5 8.Nc3 Nc6
9.Ne5 e6 10.Bf4 Nxe5 11.Bxe5 Bd7 12.b4 Qb6 13.Qb3 Rfc8 14.a4 Rc4 15.b5 Qa5
16.Nxd5 exd5 17.Bxd5 Rc3 18.Bxf7+ Kh8 19.Qb2 Rac8 20.d5 Rc2 21.Qa3 Qd8 22.Qf3
Qe7 {#R} 0-1

[Event "Memorial V.Syre (open)"]
[Site "Issy Les Moulineaux (France)"]
[Date "2005.05.07"]
[Round "4"]
[White "Onkoud Abdelaziz (MAR)"]
[Black "Touboulic Julien (FRA)"]
[Result "0-1"]
[WhiteElo "2376"]
[BlackElo "2192"]

1.Nf3 Nf6 2.c4 g6 3.Nc3 d5 4.d4 Bg7 5.g3 c6 6.cxd5 cxd5 7.Bg2 O-O 8.Ne5 e6
9.O-O Nfd7 10.f4 f6 11.Nd3 Nc6 12.e3 f5 13.Ne5 Ncxe5 14.fxe5 Nb6 15.b3 Bd7
16.a4 Bc6 17.Ba3 Rf7 18.Qd3 a6 19.Rf2 Nd7 20.Bd6 Bh6 21.Ba3 Nf8 22.Rc1 Qg5
23.Rf3 Rc7 24.Bd6 Rcc8 25.Rcf1 b5 26.h4 Qd8 27.g4 bxa4 28.bxa4 Ra7 29.h5 Qg5
30.Bc5 Rg7 31.Bxf8 Rxf8 32.Qxa6 Bd7 33.Qe2 Qxg4 34.hxg6 Rxg6 {#R} 0-1

[Event "It (open)"]
[Site "Wroclaw (Poland)"]
[Date "2005.06.29"]
[Round "4"]
[White "Starostits Ilmars (LAT)"]
[Black "Cagara Paulina (POL)"]
[Result "1-0"]
[WhiteElo "2480"]
[BlackElo "2086"]

1.Nf3 d5 2.g3 Nf6 3.Bg2 g6 4.O-O Bg7 5.d4 O-O 6.c4 c6 7.cxd5 cxd5 8.Ne5 e6
9.Nc3 Nc6 10.f4 Nd7 11.Rf2 f6 12.Nxc6 bxc6 13.b3 e5 14.Nxd5 exd4 15.Nb4 Nb8
16.Bb2 f5 17.Rc1 Bb7 18.Nc2 Qd7 19.Nxd4 Rd8 20.e3 Na6 21.Qe2 Nb4 22.Qc4+ Nd5
23.Rfc2 Rac8 24.Nf3 Kh8 25.Bxg7+ Qxg7 26.Qc5 Re8 27.Ne5 Nb6 28.Qa5 Ba8 29.Bxc6
Bxc6 30.Rxc6 Rxc6 31.Rxc6 Qb7 32.Qc3 Kg8 33.Nxg6 hxg6 34.Rc7 {#r} 1-0

[Event "Ch Ireland"]
[Site "Dublin (Ireland)"]
[Date "2005.07.17"]
[Round "9"]
[White "Short Philip M (IRL)"]
[Black "O'Rourke Ray (IRL)"]
[Result "1-0"]
[WhiteElo "2284"]
[BlackElo "2086"]

1.d4 Nf6 2.Nf3 g6 3.g3 Bg7 4.Bg2 O-O 5.O-O d5 6.c4 c6 7.cxd5 cxd5 8.Ne5 Bf5
9.Nc3 Nc6 10.Bf4 Qa5 11.Qd2 Rfd8 12.a3 Qb6 13.Na4 Qb5 14.Nc3 Qa6 15.Nxc6 bxc6
16.Be5 Ne4 17.Nxe4 dxe4 18.Bxg7 Kxg7 19.Qe3 Rab8 20.b4 Qc4 21.Rfd1 Qe6 22.Rac1
Rb5 23.f3 a5 24.bxa5 Rb3 25.Rc3 Rdb8 26.d5 Rxc3 27.Qxc3+ Qf6 28.Qxf6+ Kxf6
29.fxe4 Bg4 30.dxc6 Bxe2 31.Rd2 Bg4 32.Bf1 Ra8 33.a6 Ra7 34.Rb2 {#r} 1-0

[Event "It (open)"]
[Site "Chojnice (Poland)"]
[Date "2005.07.18"]
[Round "4"]
[White "Bugajski Robert (POL)"]
[Black "Romanowski Filip (POL)"]
[Result "1-0"]
[WhiteElo "2214"]
[BlackElo "1996"]

1.Nf3 Nf6 2.g3 g6 3.Bg2 Bg7 4.O-O O-O 5.d4 d5 6.c4 c6 7.cxd5 cxd5 8.Nc3 Nc6
9.Ne5 Be6 10.Bf4 Nd7 11.Nxc6 bxc6 12.Qd2 Re8 13.Rfd1 f6 14.Rac1 Bf7 15.e4 Nb6
16.b3 dxe4 17.Bxe4 Nd5 18.Nxd5 Bxd5 19.Qd3 f5 20.Bxd5+ Qxd5 21.Rc5 Qd7 22.Qc4+
Kh8 23.Rxc6 e5 24.Rc7 Qd6 25.Qf7 Qf6 26.dxe5 Qxf7 27.Rxf7 Bxe5 28.Bxe5+ Rxe5
29.Rdd7 Re2 30.Rxh7+ Kg8 31.Rdg7+ Kf8 32.Rxa7 Kg8 33.Rxa8+ {#r} 1-0

[Event "It (open)"]
[Site "Chojnice (Poland)"]
[Date "2005.07.18"]
[Round "4"]
[White "Michalska Maria (POL)"]
[Black "Wierzbicki Slawomir (POL)"]
[Result "1-0"]
[WhiteElo "2094"]
[BlackElo "1969"]

1.Nf3 c5 2.g3 Nf6 3.Bg2 g6 4.O-O Bg7 5.c3 O-O 6.d4 cxd4 7.cxd4 d5 8.Nc3 Nc6
9.Ne5 e6 10.Bf4 Nd7 11.Nxc6 bxc6 12.Qd2 Qb6 13.Rfd1 e5 14.dxe5 Nxe5 15.b3 Ba6
16.Rac1 Ng4 17.e3 Bb5 18.Nxb5 Qxb5 19.Bd6 Rfe8 20.Bc5 f5 21.Bd4 Rac8 22.Rc5
Qb7 23.h3 Nh6 24.Rdc1 Bxd4 25.Qxd4 Nf7 26.Qf6 Nd8 27.Bxd5+ {#r} 1-0

[Event "Ch Slovenia"]
[Site "Ptuj (Slovenia)"]
[Date "2005.08.12"]
[Round "1"]
[White "Skoberne Jure (SLO)"]
[Black "Buzeti Jernej (SLO)"]
[Result "1-0"]
[WhiteElo "2308"]
[BlackElo "1995"]

1.Nf3 Nf6 2.g3 g6 3.Bg2 Bg7 4.O-O O-O 5.c4 c6 6.d4 d5 7.cxd5 cxd5 8.Nc3 Nc6
9.Ne5 h6 10.Nxc6 bxc6 11.Bf4 Nh5 12.Na4 Nxf4 13.gxf4 Qd6 14.Qd2 Qf6 15.e3 Qh4
16.Rac1 Bh3 17.Bxh3 Qxh3 18.f3 Rac8 19.Nc5 g5 20.fxg5 hxg5 21.Nd3 f5 22.f4 g4
23.Nb4 Qh6 24.Rc2 a5 25.Nd3 Rf6 26.Qxa5 Qh3 27.Qe1 Rg6 28.Qg3 Qh7 29.Rfc1 Rh6
30.Qg2 Re6 31.Rxc6 Rcxc6 32.Rxc6 Rxc6 33.Qxd5+ Kh8 34.Qxc6 {#r} 1-0

[Event "It (open)"]
[Site "Castelldefels (Spain)"]
[Date "2005.08.25"]
[Round "9"]
[White "Raineri Pablo (ARG)"]
[Black "Rios Torondell Jaume (ESP)"]
[Result "1-0"]
[WhiteElo "2275"]
[BlackElo "1977"]

1.d4 Nf6 2.g3 d5 3.Nf3 g6 4.Bg2 Bg7 5.O-O O-O 6.c4 c6 7.cxd5 cxd5 8.Nc3 Nc6
9.Ne5 Nxe5 10.dxe5 Nd7 11.Nxd5 Nxe5 12.Bg5 f6 13.Bf4 Be6 14.Rc1 Rc8 15.Rxc8
Bxc8 16.Qb3 e6 17.Nc3 Qe7 18.Rc1 b6 19.Nb5 a5 20.Be3 Ba6 21.Nd4 Re8 22.Qxb6
Bc4 23.Nc6 Nxc6 24.Bxc6 {#r} 1-0

[Event "It (open)"]
[Site "Tatranske Zruby (Slovakia)"]
[Date "2005.09.12"]
[Round "4"]
[White "Jedlicka Ales (CZE)"]
[Black "Lorenc Tomas (CZE)"]
[Result "1-0"]
[WhiteElo "2289"]
[BlackElo "2125"]

1.Nf3 Nf6 2.g3 g6 3.Bg2 Bg7 4.O-O O-O 5.d4 d5 6.c4 c6 7.cxd5 cxd5 8.Nc3 e6
9.Ne5 Nc6 10.f4 Bd7 11.Be3 b5 12.h3 Qb6 13.g4 Rfd8 14.Bf2 Be8 15.e3 Rac8
16.Bh4 Na5 17.f5 b4 18.fxg6 bxc3 19.gxf7+ Bxf7 20.bxc3 Nc4 21.Nxc4 Rxc4
22.Bxf6 Bxf6 23.Rxf6 Rxc3 24.Qf3 Qc7 25.Rf1 Rc1 26.h4 Rxf1+ 27.Bxf1 Rb8 28.h5
Rb2 29.Rf4 Qe7 30.Bd3 Qh4 31.Rxf7 {#r} 1-0

[Event "It (open) \"]
[Site "Lausanne (Switzerland)"]
[Date "2005.09.18"]
[Round "5"]
[White "Fridman Daniel (GER)"]
[Black "Gozzoli Yannick (FRA)"]
[Result "1-0"]
[WhiteElo "2564"]
[BlackElo "2460"]

1.d4 Nf6 2.Nf3 g6 3.g3 Bg7 4.Bg2 c5 5.c3 cxd4 6.cxd4 O-O 7.Nc3 d5 8.Ne5 e6
9.O-O Nfd7 10.f4 Nc6 11.b3 Ndxe5 12.dxe5 f6 13.exf6 Bxf6 14.Bb2 Bd7 15.Qd2 Ne7
16.Kh1 Bc6 17.Rad1 Nf5 18.e3 Qb6 19.Rfe1 Rad8 20.Na4 Bxa4 21.Bxf6 Rxf6 22.bxa4
Rff8 23.a5 Qc7 24.Qb4 Qg7 25.e4 dxe4 26.Qxe4 Nd4 27.Qxb7 Qxb7 28.Bxb7 Kf7
29.a6 Rd6 30.Rc1 {#r} 1-0

[Event "It (open)"]
[Site "Senden (Germany)"]
[Date "2005.10.02"]
[Round "2"]
[White "Schroeder Wilfried (GER)"]
[Black "Meyer Juergen (GER)"]
[Result "1-0"]
[WhiteElo "2260"]
[BlackElo "1856"]

1.d4 Nf6 2.Nf3 g6 3.c4 Bg7 4.g3 O-O 5.Bg2 c6 6.O-O d5 7.cxd5 cxd5 8.Ne5 Nfd7
9.f4 Nxe5 10.dxe5 e6 11.Nc3 f6 12.exf6 Bxf6 13.e4 d4 14.Ne2 e5 15.Qb3+ Kg7
16.fxe5 Bxe5 17.Rxf8 Qxf8 18.Bf4 Qe7 19.Bxe5+ Qxe5 20.Rf1 {#r} 1-0

[Event "Ch World (seniors)"]
[Site "Lignano (Italy)"]
[Date "2005.10.06"]
[Round "8"]
[White "Norrito Salvatore (ITA)"]
[Black "Rotelli Pietro (ITA)"]
[Result "0-1"]
[WhiteElo "1714"]
[BlackElo "1995"]

1.c4 c6 2.Nf3 Nf6 3.d4 d5 4.cxd5 cxd5 5.g3 Nc6 6.Bg2 g6 7.O-O Bg7 8.Nc3 O-O
9.Bd2 Bg4 10.e3 Ne4 11.h3 Nxd2 12.Qxd2 Be6 13.Rac1 h6 14.Kh2 Rc8 15.Ne2 g5
16.Nfg1 f5 17.f4 g4 18.h4 Bf7 19.a3 e6 20.Rc3 Bf6 21.Qe1 a5 22.Qf2 Qb6 23.Nc1
Nxd4 24.Rxc8 Rxc8 25.exd4 Bxd4 26.Qd2 Be3 27.Qd3 Rxc1 28.Rxc1 Bxc1 29.Bxd5
exd5 {#R} 0-1

[Event "It (open)"]
[Site "Ravenna (Italy)"]
[Date "2005.10.16"]
[Round "5"]
[White "Ignacz Rozsa (HUN)"]
[Black "Castellano Alfonso (ITA)"]
[Result "1-0"]
[WhiteElo "1946"]
[BlackElo "1931"]

1.d4 Nf6 2.c4 g6 3.Nf3 Bg7 4.g3 O-O 5.Bg2 c6 6.Nc3 d5 7.cxd5 cxd5 8.O-O Nc6
9.Re1 b6 10.Bf4 Nh5 11.Qd2 Nxf4 12.Qxf4 Bb7 13.Rac1 Rc8 14.Red1 a6 15.Qh4 h6
16.Qf4 b5 17.Ne1 Nxd4 18.Qd2 e6 19.e4 dxe4 20.Nxe4 Qb6 21.Qe3 Rxc1 22.Rxc1 Qa5
23.a3 Bd5 24.Nd3 Rd8 25.Nec5 Bxg2 26.Kxg2 Nf5 27.Qe2 Qb6 28.Qe4 Nd6 29.Qf4 Nc4
30.b3 Nxa3 31.Qb4 Bb2 32.Nxb2 Qc6+ 33.Kg1 {#r} 1-0

[Event "Zt"]
[Site "Sao Paulo (Brazil)"]
[Date "2005.10.25"]
[Round "5"]
[White "Castaneda Carlos (PER)"]
[Black "Limp Eduardo (BRA)"]
[Result "0-1"]
[WhiteElo "2171"]
[BlackElo "2447"]

1.d4 d5 2.c4 c6 3.Nc3 Nf6 4.Nf3 g6 5.cxd5 cxd5 6.g3 Bg7 7.Bg2 O-O 8.O-O e6
9.Bf4 Nc6 10.Ne5 Bd7 11.Qd2 Nh5 12.Bg5 f6 13.g4 Nxe5 14.dxe5 fxg5 15.gxh5 gxh5
16.e4 d4 17.Qxd4 Bc6 18.Qc4 Qe8 19.Qc5 Qb8 20.h4 g4 21.Qd6 Qxd6 22.exd6 Be5
23.Rfd1 Rad8 24.Ne2 Rxd6 25.Rxd6 Bxd6 26.Nd4 Bd7 27.Rd1 Bc5 28.Bf1 g3 29.Kg2
Rxf2+ {#R} 0-1

[Event "It (open)"]
[Site "Bad Zwesten (Germany)"]
[Round "2"]
[White "Schulze Ulrich (GER)"]
[Black "Rafiee Makan (GER)"]
[Result "1-0"]
[WhiteElo "2304"]
[BlackElo "2028"]

1.d4 Nf6 2.Nf3 g6 3.g3 Bg7 4.Bg2 O-O 5.c4 c6 6.Nc3 d5 7.cxd5 cxd5 8.Ne5 Nbd7
9.O-O Nxe5 10.dxe5 Ng4 11.Nxd5 Nxe5 12.Bg5 Nc6 13.Rc1 f6 14.Be3 e5 15.Qb3 Be6
16.Qxb7 Bxd5 17.Rfd1 Rb8 18.Bxd5+ Qxd5 19.Qxg7+ Kxg7 20.Rxd5 Nd4 21.Rc7+ Rf7
22.Rdd7 Rxd7 23.Rxd7+ Kg8 24.Bxd4 exd4 25.b3 {#r} 1-0

[Event "It (open)"]
[Site "Basel (Switzerland)"]
[Date "2006.01.04"]
[Round "4"]
[White "Recker Uwe (GER)"]
[Black "Nabavi Parwis (SUI)"]
[Result "0-1"]
[WhiteElo "1977"]
[BlackElo "2207"]

1.c4 Nf6 2.Nf3 g6 3.g3 c6 4.Bg2 d5 5.cxd5 cxd5 6.d4 Bg7 7.O-O O-O 8.Nc3 Ne4
9.Ng5 Nxc3 10.bxc3 Nc6 11.Qb3 e6 12.e4 h6 13.Nh3 dxe4 14.Be3 f5 15.f3 exf3
16.Bxf3 Kh7 17.Rad1 Na5 18.Qb4 Re8 19.Bg2 Bd7 20.g4 Rc8 21.Nf4 Nc4 22.Bc1 b6
23.d5 Bf8 24.Qb1 Ba4 25.Nxe6 Rxe6 26.dxe6 Bxd1 27.gxf5 Be2 28.fxg6+ Kh8 29.Rf7
Bc5+ 30.Kh1 Qd1+ 31.Bf1 Bf3+ 32.Rxf3 Qxf3+ {#R} 0-1

[Event "It (open)"]
[Site "Basel (Switzerland)"]
[Date "2006.01.06"]
[Round "6"]
[White "De Andres Gonalons Fernando (ESP)"]
[Black "Nabavi Parwis (SUI)"]
[Result "1-0"]
[WhiteElo "2111"]
[BlackElo "2207"]

1.d4 Nf6 2.c4 g6 3.g3 c6 4.Bg2 d5 5.cxd5 cxd5 6.Nf3 Bg7 7.O-O O-O 8.Nc3 Ne4
9.Nxe4 dxe4 10.Ne5 Qd5 11.b3 Nc6 12.Nxc6 Qxc6 13.Be3 Bf5 14.Qc1 Qd5 15.Qa3
Rfe8 16.Rfd1 Rad8 17.h3 a6 18.Rac1 e5 19.dxe5 Qxd1+ 20.Rxd1 Rxd1+ 21.Kh2 Bxe5
22.Qa4 Bd7 23.Qb4 Bc6 24.h4 h5 25.a4 Kh7 26.Bb6 Bd5 27.Be3 Rb1 28.Bd4 Bb8
29.Qb6 Bc6 30.Qc5 Rxb3 31.Qc4 Rf3 32.exf3 exf3 {#r} 1-0

[Event "It (open)"]
[Site "Villa Ballester (Argentina)"]
[Date "2006.01.06"]
[Round "2"]
[White "Dickau Daniel (ARG)"]
[Black "Paveto Kevin (ARG)"]
[Result "1-0"]
[WhiteElo "2149"]
[BlackElo "2235"]

1.d4 Nf6 2.Nf3 g6 3.c4 Bg7 4.Nc3 d5 5.g3 c6 6.cxd5 cxd5 7.Bg2 O-O 8.Ne5 e6
9.O-O Nfd7 10.f4 Nc6 11.Be3 Nb6 12.Bf2 f6 13.Nd3 f5 14.Ne5 Bd7 15.b3 Nc8
16.Nxd5 Nxe5 17.dxe5 exd5 18.Qxd5+ Kh8 19.Qxb7 Nd6 20.Qxa8 Qxa8 21.Bxa8 Rxa8
22.Rfd1 Bb5 23.Rxd6 Bxe2 24.Rc1 Bb5 25.Rc7 h6 26.e6 Kg8 27.a4 Be8 28.e7 Kf7
29.Rd8 {#r} 1-0

[Event "It (open) \"]
[Site "Gibraltar (England)"]
[Date "2006.02.02"]
[Round "10"]
[White "Welling Gerard (NED)"]
[Black "Pavlovic Milos (SRB)"]
[Result "0-1"]
[WhiteElo "2371"]
[BlackElo "2507"]

1.d4 c6 2.c4 d5 3.cxd5 cxd5 4.Nc3 Nf6 5.Nf3 g6 6.g3 Bg7 7.Bg2 O-O 8.Ne5 e6
9.O-O Nfd7 10.f4 Nc6 11.e3 Ne7 12.b3 Nf5 13.Qd3 Nxe5 14.fxe5 Bd7 15.Bd2 Rc8
16.a4 Qb6 17.a5 Qa6 18.Qxa6 bxa6 {#R} 0-1

[Event "Czech League 2005/06 (2nd) (b)"]
[Site "Czech Republic"]
[Date "2006.02.12"]
[Round "7"]
[White "Paganik Pavel (CZE)"]
[Black "Vrana Jan (CZE)"]
[Result "1-0"]
[WhiteElo "2261"]
[BlackElo "2206"]

1.Nf3 d5 2.g3 Nf6 3.Bg2 g6 4.c4 c6 5.O-O Bg7 6.d4 O-O 7.cxd5 cxd5 8.Qb3 Nc6
9.Nc3 b6 10.Bf4 Bb7 11.Rfd1 Na5 12.Qb5 Rc8 13.Ne5 e6 14.Bg5 a6 15.Qd3 Qd6
16.b3 b5 17.Rac1 Nd7 18.Nxd7 Qxd7 19.e4 dxe4 20.Nxe4 Rxc1 21.Bxc1 Bxe4 22.Qxe4
Rc8 23.Bf4 Nc6 24.d5 Ne7 25.Bh3 Re8 26.d6 Nd5 27.Qxd5 exd5 28.Bxd7 Rd8 {#r}
1-0